000 03218nam a22003377a 4500
001 TIGAL 0008
003 gtcocun
005 20250923170013.0
006 a||||gr|||| 00| 0
007 ta
008 250923b2018 gt ||||| m||| 00| 0 eng d
040 _agtcocun
_bSPA
_cgtcocun
_eRDA
041 _aSPA TIGAL 0008
084 _0TIGAL 0008
100 _aRamírez Bá, Allan Antonio
_eAutor
245 _aESTIMACIÓN DE LA CONCENTRACIÓN DE FONDO DE GASES PRESENTES EN EL VERTEDERO A CIELO ABIERTO DEL MUNICIPIO DE COBÁN, ALTA VERAPAZ Y SU IMPACTO AL MEDIO AMBIENTE/
_cAllan Antonio Ramírez Bá.
_hImpreso
264 _aCobán, Alta Verapaz:
_bUniversidad de San Carlos de Guatemala, Centro Universitario del Norte, Carrera de Ingeniería en Gestión Ambiental Local
_c2018
300 _a139 p.:
_bIlustraciones, gráficas.
_c28 cm;
300 _cPDF
336 _2rdacontenido
_aTexto
_btxt
337 _2rdamedio
_aComputadora
_bn
338 _2rdasoporte
_aCódigo en línea
_bcr
502 _eTIGAL 0008
502 _aTesis de grado
_bCarrera de Ingeniería en Gestión Ambiental Local,
_cUniversidad de San Carlos de Guatemala, Centro Universitario del Norte, Carrera de Ingeniería en Gestión Ambiental Local
_d2018
_oTIGAL 0008
520 1 4 _aEl presente estudio técnico denominado “Estimación de la Concentración de Fondo de Gases Presentes en el Vertedero a Cielo Abierto del Municipio de Cobán Alta Verapaz”, se encuentra integrado por la descripción de la realidad local en torno a la problemática que genera este sitio de disposición final de desechos sólidos específicamente al aire y las relaciones con efectos secundarios que puede generar en la salud de las personas. La base del estudio, fue constituido por un monitoreo de concentración de gases y material particulado, luego se compararon las concentraciones con guías de calidad de aire de la Organización Mundial de Salud y los valores de la Conferencia Americana de los Higienistas Industriales, con el apoyo del Laboratorio Ecológico y Químico ECOQUIMSA. Cabe resaltar que el estudio posee una jerarquización de impactos con base a las distintas actividades que se realizan en el vertedero municipal mediante la matriz de evaluación de importancia. En investigación se determinó que las condiciones atmosféricas del vertedero son insalubres para grupos sensibles por Material Particulado menor a 2.5 micrómetros PM2.5 con base a las Guías de Cálida del Aire, GCA, y en función de ello se plantearon propuestas de mitigación para la reducción de los agentes precursores de este contaminante aéreo además de considerar la normativa legal que se relaciona en el ámbito del manejo integral de los residuos sólidos.
650 1 4 _2LEMB
_aCobán, Alta Verapaz
_xIngeniería en Gestión Ambiental Local
_xDesechos sólidos
_xVertedero municipal
_xMonitoreo
_xMatriz de evaluación
_xCondiciones atmosféricas
700 _aIng. Agr. M.A. Marcos Rafael Flores Delgado
_eAsesor
856 _uhttps://drive.google.com/file/d/1HSGg_DK8VcPPFnNeEtaJ95t9QKWZk-nx/view
_yPDF
_zUn ejemplar en línea.
942 _2ddc
_cTES
_iTIGAL 0008
_kClasificación
_n0
_6TIGAL_0008_000000000000000
999 _c2082
_d2082